000
00205nam a2200109Ia 4500
100
_a
PATTERSON R.NORTH
942
_c
BK
245
_a
DEGREE OF GUILT.
260
_b
#N/A
546
_a
ENGLISH
999
_c
20102
_d
20102